00760nam a2200229Ia 450000500170000001000280001702000260004503500130007103500170008403700310010103700130013208200110014524500840015626000390024027000570027930000350033650000590037150000190043065000220044965000360047170000230050720150311151624.0 aBAC-EN21 ENG-111923 a9788126521227c649.00 aEN-95455 aB-584742-756 bAsian Book Centre/Venadpl bDBAD/PUB a006.78 aBeginning PHP6, Apache, MySQL Web development /cby Timothy Boronczyk...[et al] c2014(repr.)aNew DelhibJohn Wiley a4435-36/7, Ansari Road, DaryaganjbNew Delhie110002 c24cm(pbk)axxvii,807p. :bill. aIncludes Index "Wrox programmer to programmer"--Cover. aIncludes Index aWeb sitesxDesign aPHP (Computer program language) aBoronczyk, Timothy